01152nam a2200265 a 4500001000400000003001000004005001700014008004100031020001800072040002500090080001400115090002300129100003300152245008900185250001200274260003300286300003400319504002600353505030200379650001800681700003600699942001200735952012600747999001300873778BR-CuiBMT20231117150335.0231117s2011 spba 000 0 por d a9788522462797 aBR-CuiBMTcBR-CuiBMT 22007a657 a657bG635cc7. ed.1 aGonçalves, Eugênio Celso aContabilidade geral /cEugênio Celso Gonçalves , Antônio Eustáquio Baptista. a7. ed.  aSão Paulo :bAtlas, c2011 a352 p. :bil. color. ;c24 cm aInclui bibliografia.  aEdição atualizada com as alterações: Lei nº 11.638/2007 (convergência das práticas contábeis adotadas no Brasil com aquelas constantes nas normas internacionais de contabilidade). Medida provisória nº 449/2008(convertida na lei n° 11.941/2009). Resolução CFC nº 1.282/2010. aContabilidade1 aBaptista, Antônio Eustáquio 2udccLV 00102udc4070aBIBTCEMTbBIBTCEMTd2013-04-02l0o657 G635c 7. ed.pBIBTCEMT23110692r2023-11-17tEx. 1w2023-11-17yLV c778d778